000 01347nam a2200277 a 4500
001 47456
003 BD-RjUL
005 20211209054322.0
008 160 s2013 bg b 000 0 beno
020 _a9847033600507
035 _a(BD-RjUL)47575
040 _aDLC
_bben
_erda
_cDLC
_dBD-RjUL
041 _aben
082 _223
_a398.02095492
_bLOK 2013
245 0 0 _aলোকসংস্কৃতির অঙ্গনে কুষ্টিয়া /
_cমো. জাহাঙ্গীর হোসেন (সম্পাদক)
260 _aঢাকা :
_bকথামেলা প্রকাশন,
_c২০১৩
300 _a১৯২ পৃ. ;
_c২২ সেমি.
650 0 _aসামাজিক জীবন ও রীতিনীতি
_zকুষ্টিয়া জেলা (বাংলাদেশ)
_9144317
650 0 _aলোকসংস্কৃতি
_zকুষ্টিয়া জেলা (বাংলাদেশ)
_9144318
650 0 _aSocial life and customs.
_zKushtia District (Bangladesh)
_9144319
650 0 _aFolklore
_zBangladesh
_zKushtia District.
_9144320
651 0 _aKushtia District (Bangladesh)
_xSocial life and customs.
_9144321
700 _aহোসেন, মো. জাহাঙ্গীর (সম্পাদক)
_9144322
942 _2ddc
_cBK
999 _c47456
_d47456